<?xml version="1.0" encoding="UTF-8"?>
<record
    xmlns:xsi="http://www.w3.org/2001/XMLSchema-instance"
    xsi:schemaLocation="http://www.loc.gov/MARC21/slim http://www.loc.gov/standards/marcxml/schema/MARC21slim.xsd"
    xmlns="http://www.loc.gov/MARC21/slim">

  <leader>01588cam a2200313 a 4500</leader>
  <controlfield tag="001">192</controlfield>
  <controlfield tag="003">BR-CuiBMT</controlfield>
  <controlfield tag="005">20231123040215.0</controlfield>
  <controlfield tag="008">230828b2022    mgba          000 0 por d</controlfield>
  <datafield tag="020" ind1=" " ind2=" ">
    <subfield code="a">9786555181173 (v. 2)</subfield>
  </datafield>
  <datafield tag="020" ind1=" " ind2=" ">
    <subfield code="a">9786555182910 (v. 3)</subfield>
  </datafield>
  <datafield tag="040" ind1=" " ind2=" ">
    <subfield code="a">BR-CuiBMT</subfield>
    <subfield code="c">BR-CuiBMT</subfield>
  </datafield>
  <datafield tag="080" ind1=" " ind2=" ">
    <subfield code="2">2007</subfield>
    <subfield code="a">347.65/.68</subfield>
    <subfield code="x">-047.74</subfield>
  </datafield>
  <datafield tag="090" ind1=" " ind2=" ">
    <subfield code="a">347.65/.68-047.74</subfield>
    <subfield code="b">A772</subfield>
  </datafield>
  <datafield tag="245" ind1="0" ind2="0">
    <subfield code="a">Arquitetura do planejamento sucess&#xF3;rio /</subfield>
    <subfield code="c">Daniele Chaves Teixeira, coordenadora ; pref&#xE1;cio, Rolf Madaleno [autores Alessandra Rugai Bastos ... et al.]</subfield>
  </datafield>
  <datafield tag="260" ind1=" " ind2=" ">
    <subfield code="a">Belo Horizonte :</subfield>
    <subfield code="b">F&#xF3;rum,</subfield>
    <subfield code="c">2022.</subfield>
  </datafield>
  <datafield tag="300" ind1=" " ind2=" ">
    <subfield code="a">3 v. :</subfield>
    <subfield code="b">il. ;</subfield>
    <subfield code="c">24 cm</subfield>
  </datafield>
  <datafield tag="504" ind1=" " ind2=" ">
    <subfield code="a">Inclui bibliografia.</subfield>
  </datafield>
  <datafield tag="505" ind1="1" ind2=" ">
    <subfield code="a">v. 2  Arquitetura do planejamento sucess&#xF3;rio /  [autores Alessandra Rugai Bastos ... et al.] --  v. 3 Arquitetura do planejamento sucess&#xF3;rio /  [autores Alexandre Miranda Oliveira ... et al.].</subfield>
  </datafield>
  <datafield tag="590" ind1=" " ind2=" ">
    <subfield code="a">A Biblioteca possui a 2. reimpr. 2022 (v. 2), a 3. reimpr. 2023 (v. 2), a 1. reimpr. 2022 (v. 3) e a 2. reimpr. 2023 (v. 3).</subfield>
  </datafield>
  <datafield tag="590" ind1=" " ind2=" ">
    <subfield code="a">A Biblioteca possui apenas os volumes 2 e 3 desta edi&#xE7;&#xE3;o.</subfield>
  </datafield>
  <datafield tag="590" ind1=" " ind2=" ">
    <subfield code="a">Devido &#xE0;s variadas apresenta&#xE7;&#xF5;es gr&#xE1;ficas, a Biblioteca optou por considerar os tomos ou partes isoladas (sem os volumes correspondentes) como volumes, a fim de uniformizar a cataloga&#xE7;&#xE3;o destas publica&#xE7;&#xF5;es.</subfield>
  </datafield>
  <datafield tag="650" ind1=" " ind2=" ">
    <subfield code="a">Direito de fam&#xED;lia</subfield>
    <subfield code="x">Crit&#xE9;rios para partilha</subfield>
  </datafield>
  <datafield tag="650" ind1=" " ind2=" ">
    <subfield code="a">Direito sucess&#xF3;rio </subfield>
    <subfield code="x">Planejamento</subfield>
  </datafield>
  <datafield tag="650" ind1=" " ind2=" ">
    <subfield code="a">Patrim&#xF4;nio imobili&#xE1;rio</subfield>
    <subfield code="x">Partilha</subfield>
  </datafield>
  <datafield tag="650" ind1=" " ind2=" ">
    <subfield code="a">Direito sucess&#xF3;rio</subfield>
  </datafield>
  <datafield tag="700" ind1="1" ind2=" ">
    <subfield code="a">Teixeira, Daniele Chaves</subfield>
    <subfield code="d">coord.</subfield>
  </datafield>
  <datafield tag="942" ind1=" " ind2=" ">
    <subfield code="2">udc</subfield>
    <subfield code="c">LV</subfield>
  </datafield>
  <datafield tag="952" ind1=" " ind2=" ">
    <subfield code="0">0</subfield>
    <subfield code="1">0</subfield>
    <subfield code="2">udc</subfield>
    <subfield code="4">0</subfield>
    <subfield code="7">0</subfield>
    <subfield code="a">BIBTCEMT</subfield>
    <subfield code="b">BIBTCEMT</subfield>
    <subfield code="d">2023-07-28</subfield>
    <subfield code="h">v. 3</subfield>
    <subfield code="l">0</subfield>
    <subfield code="o">347.65/.68-047.74 A772</subfield>
    <subfield code="p">BIBTCEMT23080169</subfield>
    <subfield code="r">2023-08-28</subfield>
    <subfield code="t">Ex. 1</subfield>
    <subfield code="w">2023-08-28</subfield>
    <subfield code="y">LV</subfield>
    <subfield code="z">2. reimpr. 2023</subfield>
  </datafield>
  <datafield tag="952" ind1=" " ind2=" ">
    <subfield code="0">0</subfield>
    <subfield code="1">0</subfield>
    <subfield code="2">udc</subfield>
    <subfield code="4">0</subfield>
    <subfield code="7">0</subfield>
    <subfield code="a">BIBTCEMT</subfield>
    <subfield code="b">BIBTCEMT</subfield>
    <subfield code="d">2023-06-28</subfield>
    <subfield code="h">v. 2</subfield>
    <subfield code="l">0</subfield>
    <subfield code="o">347.65/.68-047.74 A772</subfield>
    <subfield code="p">BIBTCEMT23080171</subfield>
    <subfield code="r">2023-08-28</subfield>
    <subfield code="t">Ex. 4</subfield>
    <subfield code="w">2023-08-28</subfield>
    <subfield code="y">LV</subfield>
    <subfield code="z">3. reimpr. 2023</subfield>
  </datafield>
  <datafield tag="952" ind1=" " ind2=" ">
    <subfield code="0">0</subfield>
    <subfield code="1">0</subfield>
    <subfield code="2">udc</subfield>
    <subfield code="4">0</subfield>
    <subfield code="7">0</subfield>
    <subfield code="a">BIBTCEMT</subfield>
    <subfield code="b">BIBTCEMT</subfield>
    <subfield code="d">2023-07-28</subfield>
    <subfield code="h">v. 3</subfield>
    <subfield code="l">0</subfield>
    <subfield code="o">347.65/.68-047.74 A772</subfield>
    <subfield code="p">BIBTCEMT23110135</subfield>
    <subfield code="r">2023-11-06</subfield>
    <subfield code="t">Ex. 2</subfield>
    <subfield code="w">2023-11-06</subfield>
    <subfield code="y">LV</subfield>
    <subfield code="z">1. reimpr. 2022</subfield>
  </datafield>
  <datafield tag="952" ind1=" " ind2=" ">
    <subfield code="0">0</subfield>
    <subfield code="1">0</subfield>
    <subfield code="2">udc</subfield>
    <subfield code="4">0</subfield>
    <subfield code="7">0</subfield>
    <subfield code="a">BIBTCEMT</subfield>
    <subfield code="b">BIBTCEMT</subfield>
    <subfield code="d">2023-07-28</subfield>
    <subfield code="h">v. 3</subfield>
    <subfield code="l">0</subfield>
    <subfield code="o">347.65/.68-047.74 A772</subfield>
    <subfield code="p">BIBTCEMT23110136</subfield>
    <subfield code="r">2023-11-06</subfield>
    <subfield code="t">Ex. 3</subfield>
    <subfield code="w">2023-11-06</subfield>
    <subfield code="y">LV</subfield>
    <subfield code="z">1. reimpr. 2022</subfield>
  </datafield>
  <datafield tag="952" ind1=" " ind2=" ">
    <subfield code="0">0</subfield>
    <subfield code="1">0</subfield>
    <subfield code="2">udc</subfield>
    <subfield code="4">0</subfield>
    <subfield code="7">0</subfield>
    <subfield code="a">BIBTCEMT</subfield>
    <subfield code="b">BIBTCEMT</subfield>
    <subfield code="d">2023-07-28</subfield>
    <subfield code="h">v. 3</subfield>
    <subfield code="l">0</subfield>
    <subfield code="o">347.65/.68-047.74 A772</subfield>
    <subfield code="p">BIBTCEMT23110137</subfield>
    <subfield code="r">2023-11-06</subfield>
    <subfield code="t">Ex. 4</subfield>
    <subfield code="w">2023-11-06</subfield>
    <subfield code="y">LV</subfield>
    <subfield code="z">1. reimpr. 2022</subfield>
  </datafield>
  <datafield tag="952" ind1=" " ind2=" ">
    <subfield code="0">0</subfield>
    <subfield code="1">0</subfield>
    <subfield code="2">udc</subfield>
    <subfield code="4">0</subfield>
    <subfield code="7">0</subfield>
    <subfield code="a">BIBTCEMT</subfield>
    <subfield code="b">BIBTCEMT</subfield>
    <subfield code="d">2023-11-16</subfield>
    <subfield code="h">v. 2</subfield>
    <subfield code="l">0</subfield>
    <subfield code="o">347.65/.68-047.74 A772</subfield>
    <subfield code="p">BIBTCEMT23110666</subfield>
    <subfield code="r">2023-11-16</subfield>
    <subfield code="t">Ex. 1</subfield>
    <subfield code="w">2023-11-16</subfield>
    <subfield code="y">LV</subfield>
    <subfield code="z">2. reimpr. 2022</subfield>
  </datafield>
  <datafield tag="952" ind1=" " ind2=" ">
    <subfield code="0">0</subfield>
    <subfield code="1">0</subfield>
    <subfield code="2">udc</subfield>
    <subfield code="4">0</subfield>
    <subfield code="7">0</subfield>
    <subfield code="a">BIBTCEMT</subfield>
    <subfield code="b">BIBTCEMT</subfield>
    <subfield code="d">2023-11-16</subfield>
    <subfield code="h">v. 2</subfield>
    <subfield code="l">0</subfield>
    <subfield code="o">347.65/.68-047.74 A772</subfield>
    <subfield code="p">BIBTCEMT23110667</subfield>
    <subfield code="r">2023-11-16</subfield>
    <subfield code="t">Ex. 2</subfield>
    <subfield code="w">2023-11-16</subfield>
    <subfield code="y">LV</subfield>
    <subfield code="z">2. reimpr. 2022</subfield>
  </datafield>
  <datafield tag="952" ind1=" " ind2=" ">
    <subfield code="0">0</subfield>
    <subfield code="1">0</subfield>
    <subfield code="2">udc</subfield>
    <subfield code="4">0</subfield>
    <subfield code="7">0</subfield>
    <subfield code="a">BIBTCEMT</subfield>
    <subfield code="b">BIBTCEMT</subfield>
    <subfield code="d">2023-11-16</subfield>
    <subfield code="h">v. 2</subfield>
    <subfield code="l">0</subfield>
    <subfield code="o">347.65/.68-047.74 A772</subfield>
    <subfield code="p">BIBTCEMT23110668</subfield>
    <subfield code="r">2023-11-16</subfield>
    <subfield code="t">Ex. 3</subfield>
    <subfield code="w">2023-11-16</subfield>
    <subfield code="y">LV</subfield>
    <subfield code="z">2. reimpr. 2022</subfield>
  </datafield>
  <datafield tag="999" ind1=" " ind2=" ">
    <subfield code="c">192</subfield>
    <subfield code="d">192</subfield>
  </datafield>
</record>
